| 000 | 00480nam a22001817a 4500 | ||
|---|---|---|---|
| 999 |
_c16592 _d16592 |
||
| 003 | OSt | ||
| 005 | 20171031112330.0 | ||
| 008 | 171031b xxu||||| |||| 00| 0 eng d | ||
| 020 | _a0747563268 | ||
| 040 |
_aKABU _cKABU |
||
| 050 |
_aPR6052 _b.R69B37 2004 |
||
| 100 | _aBrowne, N.M. | ||
| 245 |
_aBasilisk _cN.M. Browne |
||
| 260 |
_aLondon _bBloomsbury _c2004 |
||
| 300 | _a319 p. | ||
| 650 | _aEnglish literature | ||
| 942 |
_2lcc _cBK _hPR6052 _i.R69B37 2004 |
||